ՀՀ Գիտությունների ազգային ակադեմիայի հիմնարար գիտական գրադարան  =   Fundamental Scientific Library of NAS RA

ՆՈՐ ԿՏԱԿԱՐԱՆ. (Record no. 217932)

MARC details
000 -LEADER
fixed length control field 01525nam a2200205 u 4500
003 - CONTROL NUMBER IDENTIFIER
control field AM-YeHGA
005 - DATE AND TIME OF LATEST TRANSACTION
control field 20250618073217.0
008 - FIXED-LENGTH DATA ELEMENTS--GENERAL INFORMATION
fixed length control field 071205s1740 ||| r 000 0 arm d
040 ## - CATALOGING SOURCE
Original cataloging agency AM-YeHGA
090 ## - LOCALLY ASSIGNED LC-TYPE CALL NUMBER (OCLC); LOCAL CALL NUMBER (RLIN)
-- 219460
245 00 - TITLE STATEMENT
Title ՆՈՐ ԿՏԱԿԱՐԱՆ.
260 ## - PUBLICATION, DISTRIBUTION, ETC.
Place of publication, distribution, etc. Վենետիկ :
Name of publisher, distributor, etc. տպ. Անտոնի Բորտոլիի,
Date of publication, distribution, etc. 1740.
300 ## - PHYSICAL DESCRIPTION
Extent 760 էջ :
Other physical details նկ. ;
Dimensions 15,5 սմ.
500 ## - GENERAL NOTE
General note ՏԻՏՂԹ.՝ ՆՈՐ/ ԿՏԱԿԱ/ՐԱՆ/ Տ[ԵԱՌ]Ն ՄԵՐՈՅ/ Յ[ԻՍՈՒՍ]Ի ՔՐԻՍՏՈՍԻ:/ Տպագրեցեալ յամի Տ[եառ]ն./ 1740։ Սեպտեմբերի, 5։/ Ի Հայր[ա]պ[ե]տու[թ]ե[ան] Տ[եառ]ն Ղազա/րու Հայոց Կ[ա]թուղիկոսի։/ ի ՎԷՆԷՏԻԿ։/ Ի տպարանի Անտոնի Պօռթօլի։/ Հրամանաւ Մեծաւորաց։/
500 ## - GENERAL NOTE
General note 760 էջ։ Ութածալ, մամուլանիշերը հայատառ և լատինատառ: Շարվ. չափը՝ 13X6,2 սմ: Էջախորագրերով և լուսանցանիշերով։ Տիտղթ. խորանի մեջ։ 7 փորագիր պատկեր։ Գլխազարդեր, վերջազարդեր և զարդագրեր։ Բնագիրը 10 կետաչափի բոլորագրով, օգտագործված են նաև 12 կետաչափի բոլորագիր, նոտրգիր և գլխագրեր։
546 ## - LANGUAGE NOTE
Language note Գրաբար
650 14 - SUBJECT ADDED ENTRY--TOPICAL TERM
Topical term or geographic name entry element Նոր կտակարան
9 (RLIN) 5096
856 41 - ELECTRONIC LOCATION AND ACCESS
Uniform Resource Identifier <a href="http://greenstone.flib.sci.am/gsdl/collect/armenian/Books/ktakaran/book/ktakaran.pdf">http://greenstone.flib.sci.am/gsdl/collect/armenian/Books/ktakaran/book/ktakaran.pdf</a>
Link text Կարդալ առցանց
942 ## - ADDED ENTRY ELEMENTS (KOHA)
Source of classification or shelving scheme Universal Decimal Classification
Koha item type Գրքեր / Books
Holdings
Withdrawn status Lost status Source of classification or shelving scheme Damaged status Not for loan Collection Home library Current library Date acquired Total checkouts Full call number Barcode Date last seen Price effective from Koha item type Public note
    Universal Decimal Classification     Rare Books Collection Fundamental Scientific Library Fundamental Scientific Library 28/12/2016   A/1073 FL0024334 28/12/2016 28/12/2016 Գրքեր / Books ILL Non-Circ.


ՀՀ ԳԱԱ հիմնարար գիտական գրադարան
ՀՀ,Երևան 0019
Մարշալ Բաղրամյան 24/6
հեռախոս:(374-10) 52-47-50
Հետադարձ կապ

All site content, except where otherwise noted, is licensed under a
Creative Commons License